000 00511nam a2200193Ia 4500
005 20250923150119.0
008 008 250917s9999 xx 000 0 eng d
037 _aTextual
040 _aDSWL
_beng
_cDSWL
041 _aeng
_2eng
084 _qDSWL
245 0 _aReligious fundamentalisms and the human rights of women
_cEd. by C.Whowland
260 _aNew York
_b Palgrave
_c2001
300 _a326p.
365 _aINR
_b1360.9
925 _g1360.9
942 _cTEXL
999 _c1459694
_d1459694